header

OpenCms 7 development (Record no. 248652)

MARC details
000 -LEADER
fixed length control field 01106nam a2200301Ia 4500
100 1# - MAIN ENTRY--AUTHOR NAME
Personal name Liliedahl, Dan.
245 10 - TITLE STATEMENT
Title OpenCms 7 development
260 ## - PUBLICATION, DISTRIBUTION, ETC. (IMPRINT)
Place of publication Birmingham, U.K. :
Name of publisher Packt Publishing Limited,
Year of publication 2008.
300 ## - PHYSICAL DESCRIPTION
Number of Pages iv, 277 p. :
Other physical details ill.
500 ## - GENERAL NOTE
General note Includes index.
650 #0 - SUBJECT ADDED ENTRY--TOPICAL TERM
Topical Term Web sites
Topical Term Web site development.
Topical Term Open source software.
856 40 - ELECTRONIC LOCATION AND ACCESS
Uniform Resource Identifier http://site.ebrary.com/lib/rucke/Doc?id=10449797

No items available.

© 2026 Rongo University
Contact us: librarian | system librarian | Rongo university